Lịch sử kháng chiến chống Mỹ, cứu nước 1954 - 1975
Những nội dung chính yếu và quan trọng nhất của quá trình tổng tiến công và nổi dậy 1968 đã được các tác giả của bộ Lịch sử kháng chiến chống Mỹ, cứu nước 1954-1975 trình bày một cách sinh động, thuyết phục và chân thực trong tập V mang...
Bewaard in:
| Formaat: | Boek |
|---|---|
| Taal: | Undetermined |
| Gepubliceerd in: |
Hà Nội
Chính trị quốc gia
2015
|
| Onderwerpen: | |
| Tags: |
Voeg label toe
Geen labels, Wees de eerste die dit record labelt!
|
| Thư viện lưu trữ: | Trung tâm Học liệu Trường Đại học Cần Thơ |
|---|
| LEADER | 01104nam a2200217Ia 4500 | ||
|---|---|---|---|
| 001 | CTU_207079 | ||
| 008 | 210402s9999 xx 000 0 und d | ||
| 020 | |c 88000 | ||
| 082 | |a 959.7043 | ||
| 082 | |b L302/T.5 | ||
| 245 | 0 | |a Lịch sử kháng chiến chống Mỹ, cứu nước 1954 - 1975 | |
| 245 | 0 | |c Nguyễn Văn Minh chủ biên | |
| 260 | |a Hà Nội | ||
| 260 | |b Chính trị quốc gia | ||
| 260 | |c 2015 | ||
| 520 | |a Những nội dung chính yếu và quan trọng nhất của quá trình tổng tiến công và nổi dậy 1968 đã được các tác giả của bộ Lịch sử kháng chiến chống Mỹ, cứu nước 1954-1975 trình bày một cách sinh động, thuyết phục và chân thực trong tập V mang tiêu đề Tổng tiến công và nổi dậy năm 1968. | ||
| 650 | |a Chiến tranh Việt Nam,Vietnam war,Vietnam | ||
| 650 | |x History | ||
| 650 | |y 1954-1975,1954-1975 | ||
| 904 | |i Tuyến | ||
| 980 | |a Trung tâm Học liệu Trường Đại học Cần Thơ | ||